000 00303nam a22001337a 4500
008 170427b xxu||||| |||| 00| 0 eng d
020 _a9780136002314
041 _aeng
080 _25 ED
_aSHM
100 _a12
101 _aSHM
245 _aINTRODUCTORY CHEMISTRY
_cCORVIN.CH.H
942 _2udc
_cBK
999 _c12252
_d12252